Sports Quiz

Random Sports or NBA Quiz
Score 0/20 Timer 07:00
0 Plays Today
Question Answer Wrong Answers
20.3 PPG 3.8 RPG 5.8 APG 1.2 SPG 0.2 BPG Goran Dragic
67.3%
Brook Lopez
2%
Eric Bledsoe
22.4%
Carmelo Anthony
8.2%
16.7 APG 9.8 RPG 4.9 APG 0.8 SPG 0.8 BPG Nikola Jokic
61.2%
Myles Turner
10.2%
Danillo Gallinari
14.3%
Victor Oladipo
10.2%
14.5 PPG 2.8 RPG 2.3 APG 0.7 SPG 0.2 BPG Tim Hardaway JR
60.5%
JR Smith
15.8%
Austin Rivers
7.9%
Victor Oladipo
7.9%
18.0 PPG 3.8 RPG 4.4 APG 0.7 SPG 0.3 BPG Derrick Rose
55.3%
Marc Gasol
2.6%
Harrison Barnes
21.1%
Kristaps Porzingis
10.5%
13.9 PPG 10.5 RPG 1.3 APG 0.6 SPG 2.5 BPG Rudy Gobert
55.1%
Andre Drummond
18.4%
Hassan Whiteside
8.2%
Deandre Jordan
18.4%
15.1 PPG 6.2 RPG 5.9 APG 1.1 SPG 0.4 BPG Nicolas Batum
53.1%
Rajon Rondo
14.3%
Elfrid Payton
14.3%
Dennis Schroder
18.4%
11.1 PPG 4.1 RPG 9.1 APG 1.7 SPG 0.1 BPG Ricky Rubio
52.6%
Rajon Rondo
23.7%
Darren Collinson
5.3%
Cory Joseph
2.6%
25.3 PPG 4.5 RPG 6.6 APG 1.8 SPG 0.2 BPG Stephen Curry
52.6%
Bradley Beal
13.2%
Paul George
13.2%
Giannis Antetokounmpo
5.3%
9.5 PPG 6.1 RPG 1.1 APG 0.9 SPG 0.8 BPG Derrick Favors
50%
Robin Lopez
23.7%
Marreese Speights
10.5%
Andrew Bogut
5.3%
17.3 PPG 7.3 RPG 1.9 APG 0.6 SPG 1.2 BPG Lamarcus Aldridge
49%
Paul Millsap
14.3%
Kristaps Porzingis
16.3%
Kevin Love
20.4%
8.9 PPG 3.8 RPG 1.0 APG 1.1 SPG 0.4 BPG DeMarre Carroll
47.4%
Aaron Gordon
5.3%
Courtney Lee
13.2%
Allen Crabbe
23.7%
12.7 PPG 3.1 RPG 0.8 APG 0.4 SPG 0.2 BPG Bojan Bogdanovic
46.9%
Jusuf Nurkic
14.3%
Serge Ibaka
14.3%
Zach Lavine
20.4%
23.6 PPG 4.0 RPG 2.3 APG 1.0 SPG 0.4 BPG Andrew Wiggins
44.7%
Damian Lillard
5.3%
C.J. Mccollum
23.7%
Kyrie Irving
15.8%
10.7 PPG 2.8 RPG 1.0 APG 0.3 SPG 0.2 BPG Kyle Korver
42.9%
JR Smith
20.4%
Wesley Matthews
14.3%
Jamal Crawford
22.4%
13.4 PPG 6.4 RPG 1.5 APG 1.5 SPG 0.5 BPG Otto Porter
40.8%
Jae Crowder
20.4%
Avery Bradley
18.4%
Nikola Mirotic
18.4%
8.1 PPG 2.1 RPG 0.8 APG 0.5 SPG 0.1 BPG Ben McLemore
39.5%
Seth Curry
23.7%
Brandon Knight
21.1%
Justin Anderson
13.2%
15.8 PPG 3.3 RPG 4.3 APG 0.9 SPG 0.4 BPG Dion Waiters
32.7%
Andre Iguodala
16.3%
Jordan Clarkson
22.4%
Eric Gordon
26.5%
7.5 PPG 2.9 RPG 1.4 APG 0.8 SPG 0.4 BPG Iman Shumpert
28.9%
Cory Joseph
23.7%
Nick Young
28.9%
Marcus Smart
7.9%
9.7 PPG 4.3 RPG 1.2 APG 0.4 SPG 0.4 BPG Jeremy Lamb
24.5%
Seth Curry
16.3%
Kent Bazemore
32.7%
Shaun Livingston
24.5%
10.0 PPG 7.9 RPG 1.9 APG 1.1 SPG 1.2 BPG Gorgui Dieng
21.1%
Greg Monroe
23.7%
Marcin Gortat
21.1%
Nerlens Noel
26.3%
Remove Ads.
Support Sporcle.
Get the best of Sporcle when you Go Orange. This ad-free experience offers more features, more stats, and more fun while also helping to support Sporcle. Thank you for becoming a member.

You're not logged in!

Compare scores with friends on all Sporcle quizzes.
OR
Log In

Sporcle TV

Today on Sporcle TV


Watch our educational content, quiz creation guides, and fun videos on Sporcle TV.

Show Comments

Extras

Created Nov 19, 2017ReportNominate
Tags:NBA Quiz, State Quiz, Player

Top Quizzes Today


Score Distribution

Paid Content

Your Account Isn't Verified!

In order to create a playlist on Sporcle, you need to verify the email address you used during registration. Go to your Sporcle Settings to finish the process.

Report this User

Report this user for behavior that violates our Community Guidelines.

Details: